<?xml version="1.0" encoding="UTF-8"?>
<record
    xmlns:xsi="http://www.w3.org/2001/XMLSchema-instance"
    xsi:schemaLocation="http://www.loc.gov/MARC21/slim http://www.loc.gov/standards/marcxml/schema/MARC21slim.xsd"
    xmlns="http://www.loc.gov/MARC21/slim">

  <leader>01722nam a2200253 i 4500</leader>
  <controlfield tag="001">173667</controlfield>
  <controlfield tag="003">ES-MaACL</controlfield>
  <controlfield tag="005">20250723094419.0</controlfield>
  <controlfield tag="007">t|</controlfield>
  <controlfield tag="008">091228s18631868sp           |||| | spa d</controlfield>
  <datafield tag="110" ind1="2" ind2=" ">
    <subfield code="a">Real Academia de Ciencias Exactas, F&#xED;sicas y Naturales de Espa&#xF1;a.</subfield>
    <subfield code="9">175635</subfield>
  </datafield>
  <datafield tag="245" ind1="1" ind2="0">
    <subfield code="a">Memorias de la Real Academia de Ciencias. </subfield>
    <subfield code="n">6.</subfield>
  </datafield>
  <datafield tag="260" ind1=" " ind2=" ">
    <subfield code="a">Madrid : </subfield>
    <subfield code="b">[s.n.], </subfield>
    <subfield code="c">1863 (Aguado Imp.)</subfield>
  </datafield>
  <datafield tag="300" ind1=" " ind2=" ">
    <subfield code="a">v. ; </subfield>
    <subfield code="c">28 cm.</subfield>
  </datafield>
  <datafield tag="505" ind1="8" ind2=" ">
    <subfield code="a">Contiene: VI. Influencia de los fosfatos t&#xE9;rreos en la vegetaci&#xF3;n y procedimientos m&#xE1;s econ&#xF3;micos para utilizarlos en producci&#xF3;n de cereales en la pen&#xED;nsula / Manuel S&#xE1;ez D&#xED;ez (194 p.) .  Influencia de los fosfatos t&#xE9;rreos en la vegetaci&#xF3;n y procedimientos m&#xE1;s econ&#xF3;micos para utilizarlos en producci&#xF3;n de cereales en la pen&#xED;nsula / Ram&#xF3;n de Manjarres y Bofarull (p. 201-295) . Influencia de los fosfatos t&#xE9;rreos en la vegetaci&#xF3;n y procedimientos m&#xE1;s econ&#xF3;micos para utilizarlos en producci&#xF3;n de cereales en la pen&#xED;nsula / Jos&#xE9; Hidalgo Tablada (p. 297-345) . Influencia de los fosfatos t&#xE9;rreos en la vegetaci&#xF3;n y procedimientos m&#xE1;s econ&#xF3;micos para utilizarlos en producci&#xF3;n de cereales en la pen&#xED;nsula / Ram&#xF3;n Torres Mu&#xF1;oz de Luna (p. 347-413) . Calentamiento y ventilaci&#xF3;n de edificios / Francisco de Paula Rojas (p. 415-683; 14 planos pleg.).</subfield>
  </datafield>
  <datafield tag="650" ind1=" " ind2="4">
    <subfield code="a">Ventilaci&#xF3;n.</subfield>
    <subfield code="9">136979</subfield>
  </datafield>
  <datafield tag="700" ind1="1" ind2=" ">
    <subfield code="a">S&#xE1;ez D&#xED;ez, Manuel.</subfield>
    <subfield code="9">141865</subfield>
  </datafield>
  <datafield tag="700" ind1="1" ind2=" ">
    <subfield code="a">Manjarr&#xE9;s y Bofarull, Ram&#xF3;n de.</subfield>
    <subfield code="9">76031</subfield>
  </datafield>
  <datafield tag="700" ind1="1" ind2=" ">
    <subfield code="a">Hidalgo Tablada, Jos&#xE9;.</subfield>
    <subfield code="9">141866</subfield>
  </datafield>
  <datafield tag="700" ind1="1" ind2=" ">
    <subfield code="a">Torres Mu&#xF1;oz de Luna, Ram&#xF3;n,</subfield>
    <subfield code="d">1822-1890</subfield>
    <subfield code="9">133329</subfield>
  </datafield>
  <datafield tag="700" ind1="1" ind2=" ">
    <subfield code="a">Rojas y Caballero Infante, Francisco de Paula.</subfield>
    <subfield code="9">99083</subfield>
  </datafield>
  <datafield tag="852" ind1="4" ind2=" ">
    <subfield code="a">ES-MaACL</subfield>
    <subfield code="j">K-221</subfield>
  </datafield>
  <datafield tag="999" ind1=" " ind2=" ">
    <subfield code="c">173667</subfield>
    <subfield code="d">173667</subfield>
  </datafield>
  <datafield tag="952" ind1=" " ind2=" ">
    <subfield code="0">0</subfield>
    <subfield code="1">0</subfield>
    <subfield code="4">0</subfield>
    <subfield code="7">0</subfield>
    <subfield code="8">LIBXIX</subfield>
    <subfield code="a">ATENEOM</subfield>
    <subfield code="b">ATENEOM</subfield>
    <subfield code="c">ADM</subfield>
    <subfield code="d">2009-12-28</subfield>
    <subfield code="l">0</subfield>
    <subfield code="o">K-221</subfield>
    <subfield code="p">1182245</subfield>
    <subfield code="r">2023-02-23 00:00:00</subfield>
    <subfield code="w">2023-02-23</subfield>
    <subfield code="y">MONANT</subfield>
  </datafield>
</record>
